000 00775nam a2200241Ii 4500
003 JO-AjNU
008 230605s9999||||xx |||||||||||||| ||und||
017 _a97/7540
020 _a977-5673-09-7
040 _aJO-AjNU
_bara
_erda
_cJO-AjNU
041 _aara
050 1 4 _aJQ1850.2006
100 3 _aد ، ن ، 1997,
_eauthor
_932883
245 0 0 _aالإدارة العامة والتنمية
250 _aط1
264 3 1 _aالقاهرة : المنظمة العربية للتنمية الإدارية ، 1997
300 _a181ص
336 _atext
_btxt
_2rdacontent
337 _aunmediated
_bn
_2rdamedia
338 _avolume
_bnc
_2rdacarrier
490 0 _aسلسلة ندوات ومؤتمرات (1)
650 4 _aإدارة عامة -- التنمية
_932884
999 _aA13325
_c16893
_d16893